Yazd an opportunity for investment.
| Format: | Book |
|---|---|
| Published: |
[S.l]:
[s.n],
2010.
|
| Subjects: |
| LEADER | 00408cam a2200145 7i4500 | ||
|---|---|---|---|
| 001 | 0000027921 | ||
| 005 | 20120705090000.0 | ||
| 090 | 0 | 0 | |a IRAN 332.6 |b YAZ |
| 245 | 0 | 0 | |a Yazd an opportunity for investment. |
| 260 | 0 | 0 | |a [S.l]: |b [s.n], |c 2010. |
| 300 | # | # | |a 200 p. |
| 650 | 0 | 0 | |a Investments -- |z Iran |
| 650 | 0 | 0 | |a Investments, Foreign -- |z Iran |
| 651 | 0 | 0 | |a Iran |
| 999 | |a 0000030264 |b Book |c Countries |e Business Information Centre | ||